Portugaliae monumenta historica (Record no. 162468)

MARC details
000 -LEADER
campo de control de longitud fija 00912nam a22001935i 4500
001 - NÚMERO DE CONTROL
campo de control 162468
003 - IDENTIFICADOR DE NÚMERO DE CONTROL
campo de control ES-MaACL
005 - FECHA Y HORA DE LA ÚLTIMA TRANSACCIÓN
campo de control 20230906212531.0
008 - DATOS DE LONGITUD FIJA--INFORMACIÓN GENERAL
campo de control de longitud fija 990716m18561891po |||| | lat d
040 ## - FUENTE DE CATALOGACIÓN
Centro catalogador/agencia de origen CCPB | B
Lengua de catalogación spa
Centro/agencia transcriptor CCPB | B
245 00 - MENCIÓN DEL TÍTULO
Título Portugaliae monumenta historica
Resto del título : a saeculo octavo post Christum usque ad quintumdecimum /
Mención de responsabilidad, etc. Iussu Academiae Scientiarum Olisponensis edita.
260 ## - PUBLICACIÓN, DISTRIBUCIÓN, ETC.
Lugar de publicación, distribución, etc. Olisipone :
Nombre del editor, distribuidor, etc. [s.n.],
Fecha de publicación, distribución, etc. 1856-1891 (
Fabricante Typis Academicis)
300 ## - DESCRIPCIÓN FÍSICA
Extensión v. ;
Dimensiones 44 cm.
505 8# - NOTA DE CONTENIDO CON FORMATO
Nota de contenido con formato V. I. Scriptores (XXVII, 420 p.) -- V. I. Diplomata et chartae (VIII, 564 p.) -- V. I. Inquisitiones (454 p.) -- V. I. Legum et consuetudinum. Index generalis (p. 941-980)
650 #4 - PUNTO DE ACCESO ADICIONAL DE MATERIA--TÉRMINO DE MATERIA
Término de materia o nombre geográfico como elemento de entrada Monumentos-
Subdivisión geográfica Portugal.
9 (RLIN) 136539
710 2# - ENTRADA AGREGADA--NOMBRE DE ENTIDAD CORPORATIVA
Nombre de entidad corporativa o nombre de jurisdicción como elemento de entrada Academia das Ciências de Lisboa.
9 (RLIN) 1159
752 ## - ENTRADA AGREGADA--NOMBRE JERÁRQUICO DEL LUGAR
País o entidad superior Portugal -
Ciudad Lisboa
852 ## - LOCALIZACIÓN
Ubicación ES-MaACL
Número de control de estantería G-4094
Nota libre -- Enc. pasta española
condición física -- Sólo v-I, Inquisitiones, 1888 (454 p.)
Holdings
Estatus retirado Estado de pérdida Estado de daño No para préstamo Colección Biblioteca de origen Biblioteca actual Ubicación en estantería Fecha de adquisición Fuente de adquisición Total de préstamos Signatura topográfica completa Código de barras Visto por última vez Precio de reemplazo Tipo de ítem Koha
        Libros del s. XIX Biblioteca del Ateneo de Madrid Biblioteca del Ateneo de Madrid Depósito 2 17/01/2008     G-4094 1170206 23/02/2023 23/02/2023 Libro impreso antiguo